[Event "XXVI C.to NATO"]
[Site "Amsterdam NED"]
[Date "2015.07.06"]
[Round "1"]
[White "Van Den Heuvel, Tonnie"]
[Black "Tommasini, Enzo"]
[WhiteElo "1885"]
[BlackElo "2159"]
[Result "0-1"]
[PlyCount "56"]
[EventDate "2015.07.06"]

1. c4 e6 2. g3 d5 3. Bg2 c6 4. d4 f5 5. Nf3 Nf6 6. Nc3 Bd6 7. Qb3 O-O 8. O-O b6
9. Ne5 Bb7 10. f3 Nfd7 11. Bf4 Bxe5 12. Bxe5 Nxe5 13. dxe5 d4 14. Nd1 c5 15.
Nf2 Nc6 16. Nd3 Qc7 17. f4 Rad8 18. Qc2 Rf7 19. a3 g5 20. b4 gxf4 21. Rxf4 Nxe5
22. Nxe5 Qxe5 23. Bxb7 d3 24. Qd1 Rxb7 25. Ra2 Rbd7 26. Kf2 Qc3 27. Qd2 Qb3 28.
g4 Qxa2 0-1

[Event "XXVI C.to NATO"]
[Site "Amsterdam NED"]
[Date "2015.07.06"]
[Round "1"]
[White "Vercauteren, Daniel"]
[Black "Almonti, Alessandro"]
[WhiteElo "1629"]
[BlackElo "2012"]
[Result "0-1"]
[PlyCount "90"]
[EventDate "2015.07.06"]

1. Nc3 d5 2. e4 dxe4 3. Nxe4 c6 4. d4 Nf6 5. Nxf6+ gxf6 6. Nf3 Bg4 7. Be2 e6 8.
c3 Qc7 9. Be3 Nd7 10. Nd2 Bxe2 11. Qxe2 h5 12. h4 Nb6 13. Ne4 Be7 14. O-O-O Nd5
15. Ng3 O-O-O 16. Nxh5 Nxe3 17. fxe3 Qa5 18. Nf4 Qxa2 19. Nd3 Rd5 20. Kd2 a5
21. Ra1 Qb3 22. g4 Rb5 23. Rhb1 Rxh4 24. Qf2 Rxg4 25. Qh2 Rbg5 26. Rg1 Qd5 27.
Rxg4 Rxg4 28. Rg1 Qg5 29. Rxg4 Qxg4 30. Nf2 Qg6 31. Nd3 Bf8 32. Qh8 Qg7 33. Qh2
Be7 34. Nf4 Kd7 35. Ne2 Bd6 36. Qh5 Bc7 37. Qh3 Kc8 38. Qf3 f5 39. e4 fxe4 40.
Qxe4 Qg5+ 41. Kd1 Qg6 42. Qf3 Bd8 43. Ng3 Qb1+ 44. Ke2 Qxb2+ 45. Kf1 Qb1+ 0-1

[Event "XXVI C.to NATO"]
[Site "Amsterdam NED"]
[Date "2015.07.07"]
[Round "2"]
[White "Almonti, Alessandro"]
[Black "Papista, Akos"]
[WhiteElo "2012"]
[BlackElo "2139"]
[Result "0-1"]
[PlyCount "68"]
[EventDate "2015.07.06"]

1. Nf3 d5 2. c4 c6 3. e3 Nf6 4. Nc3 e6 5. Qc2 Nbd7 6. b3 Bd6 7. Bb2 O-O 8. Rg1
dxc4 9. bxc4 e5 10. g4 Nc5 11. g5 Nh5 12. O-O-O Qe7 13. Ne4 Nxe4 14. Qxe4 f5
15. gxf6 Nxf6 16. Qh4 e4 17. Ng5 Ba3 18. f3 Bxb2+ 19. Kxb2 Qe5+ 20. Kb1 exf3
21. Bd3 Bf5 22. Bxf5 Qxf5+ 23. e4 Qd7 24. d4 f2 25. Rg2 Qxd4 26. Rf1 Qd3+ 27.
Kb2 Qe2+ 28. Kb3 Qxf1 29. Rxf2 Qb1+ 30. Rb2 Qd3+ 31. Ka4 Qxc4+ 32. Ka3 Qa6+ 33.
Kb3 Qd3+ 34. Ka4 b5+ 0-1

[Event "XXVI C.to NATO"]
[Site "Amsterdam NED"]
[Date "2015.07.07"]
[Round "2"]
[White "Crapulli, Giuseppe"]
[Black "Krainski, Slawomir"]
[WhiteElo "1862"]
[BlackElo "2089"]
[Result "0-1"]
[PlyCount "38"]
[EventDate "2015.07.06"]

1. e4 e5 2. Nf3 Nc6 3. Bb5 Nge7 4. Nc3 g6 5. d4 exd4 6. Nd5 Bg7 7. Bg5 h6 8.
Bf6 Bxf6 9. Nxf6+ Kf8 10. Nxd4 Nf5 11. Nh7+ Rxh7 12. exf5 Qf6 13. Bxc6 dxc6 14.
fxg6 fxg6 15. O-O Rd7 16. Qf3 Qxf3 17. Nxf3 Rd6 18. Rad1 Bf5 19. Nd4 Rad8 0-1

[Event "XXVI C.to NATO"]
[Site "Amsterdam NED"]
[Date "2015.07.07"]
[Round "2"]
[White "Tocco, Paolo"]
[Black "Nielsen, Morten Majlund"]
[WhiteElo "2129"]
[BlackElo "2004"]
[Result "1-0"]
[PlyCount "89"]
[EventDate "2015.07.06"]

1. d4 Nf6 2. Nc3 e6 3. e4 d5 4. Bg5 Be7 5. e5 Nfd7 6. Bxe7 Qxe7 7. Nf3 a6 8.
Qd2 c5 9. dxc5 Nxc5 10. O-O-O Nc6 11. Bd3 b5 12. Kb1 Rb8 13. Ne2 Bd7 14. Ned4
Nxd4 15. Nxd4 b4 16. h4 Ba4 17. Qg5 Qxg5 18. hxg5 Ke7 19. f4 h6 20. gxh6 Rxh6
21. Rxh6 gxh6 22. g4 Nxd3 23. Rxd3 Rg8 24. Rg3 f5 25. exf6+ Kxf6 26. b3 Bd7 27.
Nf3 h5 28. Ne5 Be8 29. Kc1 Rg7 30. Kd2 hxg4 31. Nxg4+ Kf5 32. Nh6+ Kf6 33. Rxg7
Kxg7 34. Ng4 Kg6 35. Ne5+ Kf5 36. Ke3 d4+ 37. Kxd4 Kxf4 38. Nd3+ Kf5 39. Nxb4
e5+ 40. Ke3 a5 41. Nd5 a4 42. b4 Bf7 43. c4 a3 44. b5 Ke6 45. b6 1-0

[Event "XXVI C.to NATO"]
[Site "Amsterdam NED"]
[Date "2015.07.07"]
[Round "2"]
[White "Tommasini, Enzo"]
[Black "Mottais, Francois"]
[WhiteElo "2159"]
[BlackElo "2013"]
[Result "1/2-1/2"]
[PlyCount "85"]
[EventDate "2015.07.06"]

1. d4 d5 2. Nf3 Nc6 3. Bf4 Nf6 4. e3 Bg4 5. c4 e6 6. Nc3 Bd6 7. cxd5 exd5 8.
Bg5 Ne7 9. Bxf6 gxf6 10. Be2 c6 11. Nd2 Bxe2 12. Qxe2 Qb6 13. Nf3 O-O-O 14.
O-O-O a5 15. Qc2 Kb8 16. Kb1 Qa6 17. e4 b5 18. exd5 b4 19. Ne4 Nxd5 20. Nh4
Rhe8 21. Rhe1 a4 22. Nxd6 Rxe1 23. Rxe1 Rxd6 24. Qxh7 Kc7 25. Nf3 Qc4 26. Qc2
Qb5 27. Qe2 Qb6 28. Qc4 a3 29. Nd2 axb2 30. Kxb2 Qa5 31. Qb3 Qb5 32. Qg3 f5 33.
Re5 f4 34. Qb3 Rh6 35. Qf3 Rxh2 36. Rf5 Rh1 37. Rxf7+ Kb6 38. Rf5 Qa4 39. Nc4+
Kb5 40. Qd3 Qd1 41. Qxd1 Rxd1 42. Nd6+ Ka6 43. Ne4 1/2-1/2

[Event "XXVI C.to NATO"]
[Site "Amsterdam NED"]
[Date "2015.07.07"]
[Round "3"]
[White "Drabke, Lorenz Maximilian"]
[Black "Tocco, Paolo"]
[WhiteElo "2471"]
[BlackElo "2129"]
[Result "1-0"]
[PlyCount "62"]
[EventDate "2015.07.06"]

1. e4 Nc6 2. Nf3 f5 3. e5 d6 4. Bb5 dxe5 5. Nxe5 Qd5 6. Bxc6+ bxc6 7. Nf3 Ba6
8. d3 O-O-O 9. Nc3 Qd6 10. Qe2 Nh6 11. Ne5 Qf6 12. O-O Nf7 13. Bf4 g5 14. Nxf7
Qxf7 15. Be5 Rg8 16. Qe3 Kb8 17. b4 Bb7 18. b5 f4 19. Qc5 e6 20. Qc4 c5 21.
Rfe1 f3 22. Rab1 Bd6 23. Bxd6 Rxd6 24. Ne4 Rd4 25. Qxc5 Rxe4 26. dxe4 fxg2 27.
Rb3 Rf8 28. Ra3 Qf4 29. Qxa7+ Kc8 30. Qe3 Qd6 31. Rd3 Qc5 1-0

[Event "XXVI C.to NATO"]
[Site "Amsterdam NED"]
[Date "2015.07.07"]
[Round "3"]
[White "Farrell, John F."]
[Black "Tommasini, Enzo"]
[WhiteElo "2054"]
[BlackElo "2159"]
[Result "1/2-1/2"]
[PlyCount "61"]
[EventDate "2015.07.06"]

1. c4 e6 2. Nf3 d5 3. d4 c6 4. Nc3 Nf6 5. Bg5 h6 6. Bxf6 Qxf6 7. e3 Bd6 8. Bd3
Nd7 9. cxd5 exd5 10. O-O O-O 11. e4 dxe4 12. Nxe4 Qe7 13. Re1 Nf6 14. Ng3 Qc7
15. Rc1 Bg4 16. Bb1 Bxg3 17. hxg3 Rad8 18. Qd3 Bxf3 19. gxf3 Rd6 20. Rcd1 Rfd8
21. Qe3 Re6 22. Qd3 Red6 23. Qe3 Re6 24. Qd3 Rxe1+ 25. Rxe1 Qd6 26. Rd1 g6 27.
Qb3 Kg7 28. Qxb7 Rb8 29. Qxa7 Rxb2 30. Qc5 Qd7 31. Qe5 1/2-1/2

[Event "XXVI C.to NATO"]
[Site "Amsterdam NED"]
[Date "2015.07.07"]
[Round "3"]
[White "Morrison, Munroe L."]
[Black "Almonti, Alessandro"]
[WhiteElo "1844"]
[BlackElo "2012"]
[Result "1/2-1/2"]
[PlyCount "33"]
[EventDate "2015.07.06"]

1. e4 d5 2. exd5 Qxd5 3. Nc3 Qa5 4. Rb1 Nf6 5. g3 Bg4 6. Be2 Bxe2 7. Qxe2 e6 8.
Nf3 Be7 9. O-O O-O 10. d3 c6 11. a3 Nbd7 12. Bf4 Nd5 13. Nxd5 Qxd5 14. Rfe1
Rac8 15. Nd2 Qf5 16. Qe4 Qh3 17. Qg2 1/2-1/2

[Event "XXVI C.to NATO"]
[Site "Amsterdam NED"]
[Date "2015.07.07"]
[Round "3"]
[White "Tucker, David Sidney"]
[Black "Crapulli, Giuseppe"]
[WhiteElo "2042"]
[BlackElo "1862"]
[Result "1-0"]
[PlyCount "75"]
[EventDate "2015.07.06"]

1. e4 c5 2. Nf3 e6 3. d4 cxd4 4. Nxd4 a6 5. Nc3 Qc7 6. g3 Bb4 7. Bd2 Nc6 8.
Nxc6 bxc6 9. Bg2 Nf6 10. O-O O-O 11. Re1 e5 12. a3 Bc5 13. Na4 Be7 14. c4 c5
15. f4 d6 16. f5 h6 17. Nc3 Rb8 18. Rb1 Bb7 19. g4 Nh7 20. Qc1 Bg5 21. Re2 Ba8
22. Qe1 Bxd2 23. Rxd2 Rfd8 24. h4 f6 25. Qe3 Rb3 26. Bf3 Kf8 27. Bd1 Rbb8 28.
Ba4 Ke7 29. Kh2 Rh8 30. Rbd1 Rbd8 31. Qd3 Bb7 32. b4 Rhg8 33. Nd5+ Bxd5 34.
Qxd5 Qc8 35. Bc6 cxb4 36. axb4 g5 37. h5 Rgf8 38. Bb7 1-0

[Event "XXVI C.to NATO"]
[Site "Amsterdam NED"]
[Date "2015.07.08"]
[Round "4"]
[White "Almonti, Alessandro"]
[Black "Bublys, Vaidotas"]
[WhiteElo "2012"]
[BlackElo "1847"]
[Result "1-0"]
[PlyCount "101"]
[EventDate "2015.07.06"]

1. Nf3 g6 2. c4 Bg7 3. Nc3 d6 4. g3 Nc6 5. Bg2 Nf6 6. d3 O-O 7. O-O Bd7 8. a3
a5 9. Rb1 Rb8 10. b4 axb4 11. axb4 e6 12. Qb3 Ne7 13. b5 c5 14. Ra1 b6 15. Bf4
Bc8 16. Ra7 Rb7 17. Rfa1 Qd7 18. Ra8 Nh5 19. Bd2 Qc7 20. R1a3 Bd7 21. R8a6 Bc8
22. Qa2 Rb8 23. Ra7 Bb7 24. Ne1 Nc8 25. Rxb7 Rxb7 26. Bxb7 Qxb7 27. Ra8 Nf6 28.
Qa6 Qc7 29. Nf3 Nd7 30. Qa2 Qb7 31. h4 h5 32. Ra3 Ne5 33. Nxe5 Bxe5 34. Ra8 Rd8
35. Qa6 Qc7 36. Kg2 Kg7 37. Bg5 f6 38. Bd2 f5 39. Bg5 Bf6 40. Qa1 Rf8 41. Bxf6+
Rxf6 42. Nb1 Qb7+ 43. Kg1 Qc7 44. Nd2 d5 45. f4 d4 46. Nf3 Rf7 47. Ne5 Re7 48.
Kf2 Kf6 49. Nc6 Re8 50. e3 Kf7 51. exd4 1-0

[Event "XXVI C.to NATO"]
[Site "Amsterdam NED"]
[Date "2015.07.08"]
[Round "4"]
[White "Tommasini, Enzo"]
[Black "Tucker, David Sidney"]
[WhiteElo "2159"]
[BlackElo "2042"]
[Result "1-0"]
[PlyCount "135"]
[EventDate "2015.07.06"]

1. d4 Nf6 2. Nf3 g6 3. g3 Bg7 4. Bg2 O-O 5. O-O d5 6. c4 c6 7. Nc3 Bf5 8. Ne5
Ne4 9. cxd5 Nxc3 10. bxc3 cxd5 11. Qb3 Nc6 12. f4 Be6 13. Qxb7 Na5 14. Qa6 Qb6
15. Qxb6 axb6 16. Ba3 Ra7 17. Bb4 Bxe5 18. fxe5 Nc4 19. a3 Rfa8 20. Ra2 Ne3 21.
Rc1 Nxg2 22. Kxg2 Kf8 23. Kf3 Bd7 24. g4 b5 25. e3 Ra6 26. h4 f5 27. g5 Be8 28.
Kf4 R8a7 29. Bc5 Ra8 30. Rh1 Kf7 31. h5 Ke6 32. hxg6 Bxg6 33. Rb1 Rb8 34. a4
Be8 35. Rh2 Bg6 36. axb5 Ra4 37. b6 Rb7 38. Rbb2 Kd7 39. Ra2 Rxa2 40. Rxa2 e6
41. c4 dxc4 42. Rc2 Bh5 43. Rxc4 Be2 44. Rc2 Bd3 45. Ra2 Be4 46. Rh2 Ke8 47.
Kg3 Rg7 48. Kf4 Bd5 49. Rh6 Rf7 50. g6 hxg6 51. Rh8+ Kd7 52. Kg5 Kc6 53. Kxg6
Rd7 54. Kf6 Kb7 55. Kg6 Kc6 56. Rb8 Rb7 57. Re8 Kd7 58. Kf7 Bc4 59. Bd6 Rxb6
60. Re7+ Kc6 61. Rc7+ Kd5 62. Rc5+ Ke4 63. Rxc4 Kxe3 64. Kxe6 f4 65. d5 f3 66.
Kd7 Kd3 67. Rf4 Ke2 68. Bc5 1-0

[Event "XXVI C.to NATO"]
[Site "Amsterdam NED"]
[Date "2015.07.09"]
[Round "5"]
[White "Bohn, Ulrich"]
[Black "Tommasini, Enzo"]
[WhiteElo "2126"]
[BlackElo "2159"]
[Result "1/2-1/2"]
[PlyCount "104"]
[EventDate "2015.07.06"]

1. e4 e6 2. d3 d5 3. Qe2 Be7 4. g3 c5 5. Bg2 Nc6 6. Nf3 Nf6 7. O-O O-O 8. e5
Nd7 9. c4 Re8 10. h4 f6 11. exf6 Bxf6 12. Re1 Nb6 13. Bg5 e5 14. cxd5 Nxd5 15.
a3 Bf5 16. Nbd2 h6 17. Bxf6 Nxf6 18. Ne4 Nxe4 19. dxe4 Bg4 20. Qc4+ Kh8 21.
Qxc5 Rc8 22. Nh2 Bh5 23. Rac1 Qd7 24. Qd5 Qe7 25. Bh3 Rcd8 26. Qc5 Qf6 27. Qe3
Rd4 28. Bg4 Bg6 29. Bf3 Red8 30. Rc3 Rd2 31. Ng4 Qd6 32. b4 Nd4 33. Rec1 Bh5
34. Nh2 Bxf3 35. Nxf3 Ne2+ 36. Kg2 Ra2 37. Qxa7 Nxc1 38. Rxc1 Rf8 39. Rc3 Ra1
40. Qc5 Qxc5 41. Rxc5 Rxa3 42. Nxe5 Re8 43. h5 Kg8 44. f3 Rb3 45. b5 Rd8 46.
Ng6 b6 47. Rf5 Rc3 48. Ne7+ Kh7 49. Nd5 Rc5 50. Rf7 Rdxd5 51. exd5 Rxd5 52. g4
Rxb5 1/2-1/2

[Event "XXVI C.to NATO"]
[Site "Amsterdam NED"]
[Date "2015.07.09"]
[Round "5"]
[White "Sypien, Mateusz"]
[Black "Almonti, Alessandro"]
[WhiteElo "2250"]
[BlackElo "2012"]
[Result "1-0"]
[PlyCount "75"]
[EventDate "2015.07.06"]

1. e4 d6 2. d4 Nf6 3. Nc3 e5 4. Nf3 Nbd7 5. Bc4 Be7 6. O-O O-O 7. h3 c6 8. Bb3
a6 9. a4 b6 10. Qe2 Bb7 11. Rd1 Qc7 12. Be3 Rad8 13. Nh2 Rfe8 14. Qc4 Rf8 15.
d5 c5 16. Qe2 Rfe8 17. Bc4 Ra8 18. Rab1 Rec8 19. g3 Bf8 20. g4 g6 21. Nf1 h5
22. f3 Qd8 23. Qg2 Kh7 24. Ng3 Be7 25. gxh5 Nxh5 26. Nxh5 gxh5 27. Kh2 Bh4 28.
f4 Qe7 29. Qf3 Nf6 30. fxe5 Qxe5+ 31. Bf4 Qe7 32. Qe2 Re8 33. Rg1 Rg8 34. Bd3
Kh8 35. e5 dxe5 36. Bxe5 Rg7 37. Rxg7 Kxg7 38. Qxh5 1-0

[Event "XXVI C.to NATO"]
[Site "Amsterdam NED"]
[Date "2015.07.09"]
[Round "5"]
[White "Tocco, Paolo"]
[Black "Wantiez, Fabrice"]
[WhiteElo "2129"]
[BlackElo "2320"]
[Result "0-1"]
[PlyCount "80"]
[EventDate "2015.07.06"]

1. d4 Nf6 2. Nc3 d5 3. e4 dxe4 4. f3 exf3 5. Nxf3 g6 6. Bc4 Bg7 7. h4 Nc6 8. d5
Na5 9. Bb5+ c6 10. dxc6 Qxd1+ 11. Nxd1 Nxc6 12. Ne5 Bd7 13. Nxd7 Nxd7 14. c3 h5
15. Nf2 Nde5 16. Bd2 O-O-O 17. O-O-O Bh6 18. Bxh6 Rxd1+ 19. Rxd1 Rxh6 20. Ne4
Rh8 21. Ng5 Rd8 22. Rf1 f6 23. Ne6 Rd6 24. Nf4 a6 25. Be2 Nd8 26. Rd1 Rxd1+ 27.
Bxd1 Kc7 28. Bc2 f5 29. Bb3 Kd6 30. Kd2 e6 31. Ke2 b6 32. a4 Ke7 33. Ba2 Kf6
34. b4 a5 35. bxa5 bxa5 36. c4 Nb7 37. Ke3 Nc5 38. Kd4 Ned7 39. Nd3 Nxd3 40.
Kxd3 Ke5 0-1

[Event "XXVI C.to NATO"]
[Site "Amsterdam NED"]
[Date "2015.07.09"]
[Round "6"]
[White "Almonti, Alessandro"]
[Black "Csizmadia, Csaba"]
[WhiteElo "2012"]
[BlackElo "1863"]
[Result "1/2-1/2"]
[PlyCount "88"]
[EventDate "2015.07.06"]

1. Nf3 b6 2. g3 Bb7 3. Bg2 g6 4. c4 Bg7 5. Nc3 e6 6. d4 d5 7. Bg5 Nf6 8. cxd5
exd5 9. O-O O-O 10. Rc1 c6 11. Ne5 h6 12. Be3 Re8 13. h3 Qe7 14. Qd2 Kh7 15. b4
Nbd7 16. Nxd7 Qxd7 17. Rfd1 Ba6 18. Qb2 Bc4 19. Kh2 b5 20. Bf3 a5 21. a3 a4 22.
Rh1 Re6 23. Qd2 Qe7 24. Bg4 Rd6 25. Bf4 Rdd8 26. Kg2 Ng8 27. h4 h5 28. Bf3 f5
29. Bg5 Bf6 30. Nd1 Qg7 31. Be3 Re8 32. Nb2 Rad8 33. Rc2 Ne7 34. Rcc1 Nc8 35.
Rhd1 Nd6 36. Bf4 Qe7 37. Bxd6 Rxd6 38. e3 Bg7 39. Nd3 Rdd8 40. Rh1 Qf6 41. Qd1
Bh6 42. Nf4 Re7 43. Qd2 Rde8 44. Rh2 Qf7 1/2-1/2

[Event "XXVI C.to NATO"]
[Site "Amsterdam NED"]
[Date "2015.07.09"]
[Round "6"]
[White "Maes, Patrick"]
[Black "Tocco, Paolo"]
[WhiteElo "1949"]
[BlackElo "2129"]
[Result "1-0"]
[PlyCount "53"]
[EventDate "2015.07.06"]

1. e4 Nc6 2. Nf3 f5 3. Nc3 fxe4 4. Nxe4 d5 5. Ng3 e5 6. Bb5 Bd6 7. O-O Bg4 8.
h3 Bxf3 9. Qxf3 Nf6 10. Nh5 Nxh5 11. Qxh5+ g6 12. Qf3 Be7 13. Bxc6+ bxc6 14.
Qc3 Qd6 15. Re1 Bf6 16. d4 e4 17. Bh6 Kd7 18. Qe3 Rhg8 19. Bf4 Bxd4 20. Qxd4
Qxf4 21. f3 Rge8 22. Rad1 Re7 23. c4 Re5 24. fxe4 Rae8 25. cxd5 Rxd5 26. Qa4
Rd2 27. Rxd2+ 1-0

[Event "XXVI C.to NATO"]
[Site "Amsterdam NED"]
[Date "2015.07.09"]
[Round "6"]
[White "Tommasini, Enzo"]
[Black "Oltean, Gusztav"]
[WhiteElo "2159"]
[BlackElo "2077"]
[Result "1/2-1/2"]
[PlyCount "77"]
[EventDate "2015.07.06"]

1. d4 Nf6 2. Nf3 c5 3. e3 cxd4 4. exd4 d5 5. Bd3 Nc6 6. h3 g6 7. O-O Bf5 8.
Bxf5 gxf5 9. c3 e6 10. Bg5 Be7 11. Nbd2 Ne4 12. Bf4 Bd6 13. Ne5 Nxe5 14. dxe5
Bc5 15. Nb3 Qh4 16. Nxc5 Nxc5 17. Be3 Nd7 18. Qd4 Qxd4 19. Bxd4 Rc8 20. f4 Ke7
21. Kf2 Rhg8 22. Kf3 h5 23. a4 a6 24. a5 Nc5 25. Bxc5+ Rxc5 26. g3 Rc4 27. Rfd1
Rd8 28. Rd3 Rdc8 29. Ra3 Kd7 30. g4 hxg4+ 31. hxg4 fxg4+ 32. Kxg4 Rg8+ 33. Kf3
Rg1 34. Rd4 Rxd4 35. cxd4 Rb1 36. Rb3 Kc7 37. Kg4 Rd1 38. Rb4 Rg1+ 39. Kh4
1/2-1/2

[Event "XXVI C.to NATO"]
[Site "Amsterdam NED"]
[Date "2015.07.10"]
[Round "7"]
[White "Krainski, Slawomir"]
[Black "Tommasini, Enzo"]
[WhiteElo "2089"]
[BlackElo "2159"]
[Result "1/2-1/2"]
[PlyCount "25"]
[EventDate "2015.07.06"]

1. d4 e6 2. Bf4 d5 3. e3 Bd6 4. Bg3 Nf6 5. Nd2 c5 6. c3 Nc6 7. Ngf3 Bxg3 8.
hxg3 Qd6 9. Bb5 Nd7 10. O-O O-O 11. Re1 Rd8 12. c4 b6 13. e4 1/2-1/2

[Event "II Open Grand Paradis"]
[Site "Arvier ITA"]
[Date "2015.07.26"]
[Round "1"]
[White "Baruzzo, Fabio"]
[Black "Marguerettaz, Davy"]
[WhiteElo "1802"]
[BlackElo "2193"]
[Result "1-0"]
[PlyCount "61"]
[EventDate "2015.07.26"]

1. c4 e6 2. Nc3 d5 3. d4 Nf6 4. e3 a6 5. Nf3 dxc4 6. Bxc4 b5 7. Bd3 c5 8. dxc5
Bxc5 9. O-O Bb7 10. Qe2 Nbd7 11. e4 Qb6 12. Bf4 Nh5 13. Bg3 Nxg3 14. hxg3 O-O
15. Rad1 Qc7 16. Bb1 Bc6 17. Qc2 Qxg3 18. Nd4 Bxd4 19. Rxd4 Qg4 20. f3 Qg5 21.
Ne2 Qe3+ 22. Kh1 Rac8 23. Qd1 e5 24. Rd6 Nc5 25. Ng3 Ne6 26. Nf5 Qg5 27. Qd2
Qxd2 28. Rxd2 Rc7 29. Rc1 Bb7 30. Rxc7 Nxc7 31. Rd7 1-0

[Event "II Open Grand Paradis"]
[Site "Arvier ITA"]
[Date "2015.07.26"]
[Round "1"]
[White "Ciuffoletti, Paolo"]
[Black "Lyabel, Giacomo"]
[WhiteElo "2171"]
[BlackElo "1548"]
[Result "1-0"]
[PlyCount "47"]
[EventDate "2015.07.26"]

1. e4 c5 2. d4 cxd4 3. c3 dxc3 4. Nxc3 Nc6 5. Nf3 d6 6. Bc4 Nf6 7. e5 Nd7 8.
Bxf7+ Kxf7 9. e6+ Ke8 10. exd7+ Bxd7 11. O-O e6 12. Re1 Be7 13. Ne4 d5 14. Neg5
Qc8 15. Nd4 Nxd4 16. Qxd4 Kf8 17. Bf4 h6 18. Rac1 Qe8 19. Nxe6+ Bxe6 20. Rxe6
Qf7 21. Rce1 Bf6 22. Qxd5 a6 23. Bd6+ Kg8 24. Re8+ 1-0

[Event "II Open Grand Paradis"]
[Site "Arvier ITA"]
[Date "2015.07.26"]
[Round "1"]
[White "Nester, Ihor"]
[Black "Cattaneo, Roger"]
[WhiteElo "2268"]
[BlackElo "1836"]
[Result "1-0"]
[PlyCount "99"]
[EventDate "2015.07.26"]

1. Nf3 d5 2. d4 Nf6 3. c4 c6 4. Qc2 g6 5. e3 Bg7 6. Bd3 O-O 7. O-O Nbd7 8. Nc3
dxc4 9. Bxc4 c5 10. Rd1 cxd4 11. Nxd4 a6 12. e4 Qc7 13. Nce2 Qe5 14. f3 b5 15.
Bb3 Qc5 16. Be3 Qxc2 17. Nxc2 Bb7 18. Bd4 Rac8 19. Ne1 Nc5 20. Bc2 Ne6 21. Bc3
Rfd8 22. Bb4 Kf8 23. Bb3 Nc7 24. Nd3 Nd7 25. Rac1 Ne5 26. Nxe5 Rxd1+ 27. Rxd1
Bxe5 28. Rd7 Re8 29. f4 Bc8 30. Rd2 Bd6 31. Rxd6 exd6 32. Bxd6+ Kg7 33. Bxc7
Rxe4 34. Nc3 Re8 35. Be5+ f6 36. Bd4 Bb7 37. Bd5 Bxd5 38. Nxd5 Re1+ 39. Kf2 Rd1
40. Ke3 Kf7 41. Nxf6 h5 42. Nd5 Rg1 43. g3 Rg2 44. Nc7 Rxh2 45. Nxa6 Rh3 46.
Kf2 Rh2+ 47. Kf3 Rd2 48. Bc3 Rd3+ 49. Kf2 Ke6 50. Nc5+ 1-0

[Event "II Open Grand Paradis"]
[Site "Arvier ITA"]
[Date "2015.07.26"]
[Round "1"]
[White "Piazza, Giacomo"]
[Black "Bettera, Roberto"]
[WhiteElo "1542"]
[BlackElo "1951"]
[Result "0-1"]
[PlyCount "74"]
[EventDate "2015.07.26"]

1. Nf3 Nf6 2. e3 g6 3. Bc4 Bg7 4. h3 d5 5. Bb5+ c6 6. Be2 Nbd7 7. O-O O-O 8. c4
e5 9. d3 Re8 10. Nc3 a5 11. cxd5 cxd5 12. e4 d4 13. Nb5 Qb6 14. a4 Nc5 15. b3
Bd7 16. Ba3 Bxb5 17. Bxc5 Qxc5 18. axb5 Qxb5 19. Rb1 Rac8 20. Nd2 Qb4 21. f4
exf4 22. Rxf4 Nd7 23. Bg4 Rc7 24. Nc4 b5 25. Bxd7 Rxd7 26. Nb6 Qd6 27. Nd5 f5
28. Qf3 Bh6 29. h4 Bxf4 30. Nxf4 fxe4 31. dxe4 Rf8 32. g3 Qe5 33. Qd3 Rdf7 34.
Rf1 h6 35. Kh2 Kh7 36. Re1 Rxf4 37. gxf4 Qxf4+ 0-1

[Event "II Open Grand Paradis"]
[Site "Arvier ITA"]
[Date "2015.07.26"]
[Round "1"]
[White "Renzi, Marco"]
[Black "Bonino, Silvano"]
[WhiteElo "1900"]
[BlackElo "1443"]
[Result "1-0"]
[PlyCount "45"]
[EventDate "2015.07.26"]

1. e4 e6 2. d4 d5 3. Bd3 c5 4. c3 cxd4 5. cxd4 dxe4 6. Bxe4 Nf6 7. Bf3 Bb4+ 8.
Nc3 O-O 9. Nge2 Nc6 10. O-O a6 11. Bg5 h6 12. Be3 Bd6 13. Ng3 Qc7 14. Rc1 Qd7
15. Qd2 Bxg3 16. fxg3 Kh7 17. Qd3+ g6 18. Bxc6 Qe7 19. Ba4 Rd8 20. Bf4 Nd5 21.
Nxd5 Rxd5 22. Rc7 Bd7 23. Rxd7 1-0

[Event "II Open Grand Paradis"]
[Site "Arvier ITA"]
[Date "2015.07.27"]
[Round "2"]
[White "Bettera, Roberto"]
[Black "Renzi, Marco"]
[WhiteElo "1951"]
[BlackElo "1900"]
[Result "1-0"]
[PlyCount "25"]
[EventDate "2015.07.26"]

1. d4 d5 2. c4 c6 3. Nf3 Bf5 4. Nc3 Nf6 5. cxd5 cxd5 6. Qb3 b6 7. Ne5 h6 8. e4
Nxe4 9. Nxe4 f6 10. Bb5+ Nd7 11. Nxd7 Bxd7 12. Qxd5 Rc8 13. Qh5+ 1-0

[Event "II Open Grand Paradis"]
[Site "Arvier ITA"]
[Date "2015.07.27"]
[Round "2"]
[White "Bogatto, Mario"]
[Black "Ciuffoletti, Paolo"]
[WhiteElo "1397"]
[BlackElo "2171"]
[Result "0-1"]
[PlyCount "50"]
[EventDate "2015.07.26"]

1. e4 c5 2. Nf3 Nc6 3. c3 d5 4. exd5 Qxd5 5. Be2 e5 6. d3 Nf6 7. O-O Bg4 8. h3
Bf5 9. Nbd2 Be7 10. Nc4 Rd8 11. Ne3 Qd7 12. Ne1 Bg6 13. f3 Nh5 14. Rf2 Bh4 15.
g4 Bxf2+ 16. Kxf2 Nf4 17. Bf1 h5 18. Nf5 hxg4 19. Bxf4 exf4 20. fxg4 Bxf5 21.
gxf5 Qxf5 22. Qe2+ Kf8 23. Qe4 Qg5 24. Qg2 Qe7 25. Nf3 Qe3# 0-1

[Event "II Open Grand Paradis"]
[Site "Arvier ITA"]
[Date "2015.07.27"]
[Round "2"]
[White "Cattaneo, Roger"]
[Black "Bonino, Silvano"]
[WhiteElo "1836"]
[BlackElo "1443"]
[Result "1-0"]
[PlyCount "77"]
[EventDate "2015.07.26"]

1. d4 Nf6 2. c4 e6 3. Nc3 d5 4. e3 c5 5. cxd5 Nxd5 6. Nf3 Nc6 7. e4 Nxc3 8.
bxc3 cxd4 9. cxd4 Bb4+ 10. Bd2 Qa5 11. Bc4 Bxd2+ 12. Qxd2 Qxd2+ 13. Kxd2 O-O
14. Rhc1 Rd8 15. Ke3 a6 16. d5 exd5 17. Bxd5 Ne7 18. Bb3 Nc6 19. Ng5 Rf8 20. f4
Nd8 21. Rc7 h6 22. Nf3 Nc6 23. Rc1 Rb8 24. Bd5 Be6 25. Bxc6 bxc6 26. R1xc6 Bxa2
27. Rxa6 Rb3+ 28. Kf2 Rb2+ 29. Kg3 Rfb8 30. Raa7 Re8 31. e5 Be6 32. f5 Rc8 33.
fxe6 Rxc7 34. Rxc7 fxe6 35. Re7 Rb6 36. Nd4 Kf8 37. Rxe6 Rxe6 38. Nxe6+ Kf7 39.
Nd4 1-0

[Event "II Open Grand Paradis"]
[Site "Arvier ITA"]
[Date "2015.07.27"]
[Round "2"]
[White "Gromovs, Sergejs"]
[Black "Baruzzo, Fabio"]
[WhiteElo "2123"]
[BlackElo "1802"]
[Result "1-0"]
[PlyCount "113"]
[EventDate "2015.07.26"]

1. d4 d5 2. c4 e6 3. Nc3 c5 4. cxd5 exd5 5. Nf3 Nc6 6. g3 Nf6 7. Bg2 Be7 8. O-O
O-O 9. Bg5 cxd4 10. Nxd4 h6 11. Be3 Re8 12. Rc1 Bf8 13. Qd2 Ne5 14. b3 Bb4 15.
Nc2 Bxc3 16. Qxc3 Nc6 17. Rfd1 Be6 18. Nd4 Rc8 19. Nxc6 Rxc6 20. Qd3 Qa5 21. a4
a6 22. Bd4 Bg4 23. f3 Bd7 24. Rxc6 bxc6 25. Rc1 Rb8 26. h4 Nh5 27. g4 Nf4 28.
Qe3 Ne6 29. Be5 Rb7 30. f4 Qb4 31. f5 Nf8 32. f6 gxf6 33. Bxf6 Qxg4 34. Qxh6
Nh7 35. Rc3 Rb4 36. Be5 Qg6 37. Rg3 Rg4 38. Rxg4 Bxg4 39. Qe3 Bf5 40. Kf1 Be6
41. Bf3 Nf6 42. Qb6 Nd7 43. Qd8+ Nf8 44. Bd6 Qh6 45. h5 d4 46. b4 Qc1+ 47. Kg2
Qh6 48. Bxf8 Qxf8 49. Qxf8+ Kxf8 50. Bxc6 Bc4 51. b5 axb5 52. Bxb5 Bd5+ 53. Kg3
Kg7 54. Kf4 Kh6 55. Ke5 Ba8 56. Be8 Kxh5 57. Bxf7+ 1-0

[Event "II Open Grand Paradis"]
[Site "Arvier ITA"]
[Date "2015.07.27"]
[Round "2"]
[White "Marguerettaz, Davy"]
[Black "Piazza, Giacomo"]
[WhiteElo "2193"]
[BlackElo "1542"]
[Result "1-0"]
[PlyCount "55"]
[EventDate "2015.07.26"]

1. e4 c6 2. d4 d6 3. c4 Qc7 4. Nc3 Nf6 5. Bd3 Bg4 6. f3 Bh5 7. Nge2 Nbd7 8. Be3
e5 9. O-O Be7 10. d5 O-O 11. Rb1 Rab8 12. Bxa7 Ra8 13. Bf2 Bg6 14. Qd2 Nh5 15.
b4 Qd8 16. dxc6 bxc6 17. b5 cxb5 18. cxb5 Nb6 19. Kh1 h6 20. Ra1 Rc8 21. a4 Nc4
22. Bxc4 Rxc4 23. a5 Nf4 24. Nxf4 exf4 25. Nd5 Bf6 26. Nxf6+ Qxf6 27. a6 Rfc8
28. b6 1-0